000 00363nam a2200145Ia 4500
008 191201s2010 xx 000 0 und d
082 _a658.069
_bKUE
100 _aKUMAR,Arya
245 0 _aEthics in Management : Insights from Ancient Indian Wisdom
250 _aRep
260 _aN. Delhi
_bAne Books
_c2010
300 _a350
650 _aBBA
942 _2ddc
_cBK
999 _c4946
_d4946